Post Islam Izzam / (Record no. 523441)

000 -LEADER
fixed length control field 00492nam a22001817a 4500
003 - CONTROL NUMBER IDENTIFIER
control field NUST
020 ## - INTERNATIONAL STANDARD BOOK NUMBER
International Standard Book Number 9789697576463
038 ## - RECORD CONTENT LICENSOR
Staff Name waseem
082 ## - DEWEY DECIMAL CLASSIFICATION NUMBER
Classification number 297.272
Author Mark HAS
100 ## - MAIN ENTRY--PERSONAL NAME
Personal name Hassan Ul Ameen
9 (RLIN) 13781
245 ## - TITLE STATEMENT
Title Post Islam Izzam /
Statement of responsibility, etc. Hassan Ul Ameen
260 ## - PUBLICATION, DISTRIBUTION, ETC.
Place of publication, distribution, etc. Islamabad :
Name of publisher, distributor, etc. International Islamic University,
Date of publication, distribution, etc. 2019.
300 ## - PHYSICAL DESCRIPTION
Extent 160 p. ;
500 ## - GENERAL NOTE
General note Paperback.
880 ## - ALTERNATE GRAPHIC REPRESENTATION
Linkage 100-02\r
Title حسن الامین
880 ## - ALTERNATE GRAPHIC REPRESENTATION
Linkage 245-02\r
Title پوسٹ اسلام ازم
942 ## - ADDED ENTRY ELEMENTS (KOHA)
Source of classification or shelving scheme
Koha item type Book
Holdings
Withdrawn status Lost status Source of classification or shelving scheme Damaged status Not for loan Permanent Location Current Location Shelving location Date acquired Source of acquisition Total Checkouts Full call number Barcode Date last seen Price effective from Koha item type
          Central Library (CL) Central Library (CL) First Floor - Islam 03/08/2019 Donation   297.272 HAS CL-D-329 01/30/2026 03/08/2019 Book
© 2023 Central Library, National University of Sciences and Technology. All Rights Reserved.